Vplyv začiatočných nákladov na aktuárske výpočty bakalárska práca

Uložené v:
Podrobná bibliografia
Hlavný autor: Hořáková, Lenka
Korporativný autor: Fakulta hospodárskej informatiky EU. Katedra matematiky
Ďalší autori: Cicáková, Kristína
Médium: Kniha
Jazyk:Slovak
Vydavateľské údaje: Bratislava 2010
Tagy: Pridať tag
Žiadne tagy, Buďte prvý, kto otaguje tento záznam!

MARC

LEADER 00000nam$a2200000$$$4500
001 0129315
005 20240320073713.8
041 0 |a slo 
044 |a SK 
245 1 0 |a Vplyv začiatočných nákladov na aktuárske výpočty  |b bakalárska práca  |c Lenka Hořáková ; škol. Kristína Cicáková 
264 1 |a Bratislava  |c 2010 
300 |a 40 s. 
100 1 |a Hořáková, Lenka 
700 1 |a Cicáková, Kristína 
710 2 |a Fakulta hospodárskej informatiky EU. Katedra matematiky